MARC

LEADER 00000nam0a2200000 4500
001 127323
005 20231101220039.0
035 |a (RuTPU)RU\TPU\book\137736 
090 |a 127323 
100 |a 20071213d1980 km y0rusy50 ca 
101 0 |a rus 
102 |a BY 
105 |a a z 001zy 
200 1 |a Фрезформовочный способ добычи торфа  |f Н. М. Солодухо  |g Академия наук Белорусской ССР, Институт торфа 
210 |a Минск  |c Наука и техника  |d 1980 
215 |a 96 с.  |c ил. 
320 |a Библиогр.: с. 92-94 
606 1 |a Торфодобыча  |x Фрезерный способ  |2 stltpush  |3 (RuTPU)RU\TPU\subj\61080  |9 78288 
610 1 |a торф 
610 1 |a механическая переработка 
610 1 |a фрезформовочные машины 
610 1 |a экскавирующие органы 
610 1 |a формующие органы 
610 1 |a кусковой торф 
610 1 |a добыча 
610 1 |a машины 
610 1 |a технология 
610 1 |a фрезформовочный способ 
675 |a 622.331:622.271  |v 4 
700 1 |a Солодухо  |b Н. М.  |g Николай Михайлович 
712 0 2 |a Академия наук Белорусской ССР  |b Институт торфа  |c (Минск)  |c (1932-1990)  |2 stltpush  |3 (RuTPU)RU\TPU\col\11584  |9 25205 
801 1 |a RU  |b 63413507  |c 20071213  |g PSBO 
801 2 |a RU  |b 63413507  |c 20210409  |g PSBO 
942 |c BK